00366nam a2200133Ia 4500003000400000008004100004040001600045082001300061100002200074245005200096700002200148260003900170650002300209GCL140319s9999 xx 000 0 eng d aGCL / cGCL04a550bS M1 aSTRAHLER, ALAN H.10aMODERN PHYSICAL GEOGRAPHY / cSTRAHLER, ALAN H.1 aSTRAHLER, ARTHURN a[S.N] : bJOHN WILEY AND SONS. INC04aPHYSICAL GEOGRAPHY